Chapitre Harry Potter 4 - Statistiques

Statistiques générales
  • Ce quiz a été pris 28 fois
  • Le résultat moyen est 17 sur 37
Statistiques - réponses
Numéro du chapitre Nom du chapitre % Correct
8 La coupe du monde de quidditch
83%
26 La deuxième tâche
72%
20 La première tâche
72%
31 La troisième tâche
72%
16 La coupe de feu
67%
23 Le bal de Noël
67%
13 Maugrey Fol œil
67%
1 La maison des " jeux du sort "
61%
9 La marque des ténèbres
61%
14 Les sortilèges impardonnables
61%
12 Le tournoi des trois sorciers
61%
34 Priori incantatum
56%
30 La pensine
50%
33 Les mangemorts
50%
11 À bord du Poudlard Express
44%
2 La cicatrice
44%
6 Le portoloin
44%
29 Le rêve
44%
4 Retour au terrier
44%
36 La croisée des chemins
39%
37 Le commencement
39%
7 Verpey et croupton
39%
5 Farces pour sorciers facétieux
33%
28 La folie de Mr croupton
33%
22 La tâche inattendu
33%
19 Le magyar à pointe
33%
27 Le retour de Patmol
33%
24 Le scoop de Rita skeeter
33%
32 Les os, la chair, le sang
33%
17 Les quatre champions
33%
3 L'invitation
33%
25 L'œuf et l'œil
33%
10 Tempête au ministère
33%
35 Veritaserum
33%
15 Beauxbâton et durmstrang
28%
21 Le front de libération des elfes de maison
28%
18 L'examen des baguettes
28%
Aucun quiz correspondant
Distribution des résultats
% des personnes avec chaque résultat
Percentile par nombre de réponses
Votre historique - résultats
Vous n’avez pas pris ce quiz